000 01100nam a2200217 a 4500
001 000708823
003 AM-YeHGA
005 20250617142708.0
008 100122s1985 ||| r 000 0 rus d
040 _aAM-YeHGA
041 0 _arus
100 1 _aБочкарев, Борис Иванович
245 1 0 _aГрозой мощенные дороги :
_bПовесть о Петре Войкове, большевистском комиссаре с чрезвычайными полномочиями /
_cБорис Бочкарев.
260 _aМосква :
_bПолитиздат,
_c1985.
300 _a158 с. :
_bил.
650 1 4 _aВойков, Петр Лазаревич
653 0 _aКПСС - История - Биографии
653 0 _aМатериально-техническое снабжение в период гражданской войны в СССР, 1918-1920 гг. - Урал
653 0 _aПродовольственное снабжение в период гражданской войны в СССР, 1918-1920 гг. - Урал
090 _c263869
999 _c262247
_d262247